000
00266nam a22001097a 4500
008
240531b |||||||| |||| 00| 0 eng d
100
_a
Adwani, Jagat
_9
15052
245
_a
Ishq ji Versat
260
_a
Bombay
_b
Sindhi Novel Mala
_c
1969
300
_a
203p.
942
_c
BK
999
_c
39418
_d
39418